| 000 | 01456nam a22001457a 4500 | ||
|---|---|---|---|
| 999 |
_c526167 _d526167 |
||
| 008 | 240514b ||||| |||| 00| 0 eng d | ||
| 100 |
_aBansal, Hansal and Mishra, Swati Dubey _952354 |
||
| 245 | _aAssessing the applicability and significance of handwriting analysis in Indian legal cases: A critical review | ||
| 260 | _aIndian Police Journal | ||
| 300 | _a69(4), Oct-Dec, 2024: p.138-147 | ||
| 520 | _aHandwriting analysis is essential to forensic document examination since it provides crucial information about authorship and evidence in various Indian legal issues. Handwriting analysis has been used as a crucial forensic tool to establish authorship, confirm signatures, or connect suspects to crime locations. However, there have been concerns and disagreements regarding the accuracy and dependability of handwriting analysis as admissible evidence in Indian courts. This study thoroughly analyzes the conclusions about handwriting analysis in Indian legal processes. The main objective is to assess handwriting analysis’s applicability, dependability, and significance in the Indian legal system. This work aims to improve our comprehension of the function and limitations of handwriting analysis in Indian courts by carefully reviewing significant rulings and their implications. – Reproduced https://bprd.nic.in/uploads/pdf/October-December_2022.pdf | ||
| 773 | _aIndian Police Journal | ||
| 906 | _aPOLICING | ||
| 942 | _cAR | ||